Rudolph the red-nosed reindeer shines again / (Record no. 2083)

MARC details
000 -LEADER
fixed length control field 01037cam a2200301 a 4500
005 - DATE AND TIME OF LATEST TRANSACTION
control field 20231204134022.0
020 ## - INTERNATIONAL STANDARD BOOK NUMBER
International Standard Book Number 030704601X
020 ## - INTERNATIONAL STANDARD BOOK NUMBER
International Standard Book Number 03350092551
020 ## - INTERNATIONAL STANDARD BOOK NUMBER
International Standard Book Number 030760246X
040 ## - CATALOGING SOURCE
Original cataloging agency DLC
Transcribing agency DLC
Modifying agency DLC
Language of cataloging eng
050 00 - LIBRARY OF CONGRESS CALL NUMBER
Classification number PZ7.R884
082 00 - DEWEY DECIMAL CLASSIFICATION NUMBER
Classification number 464
100 ## - MAIN ENTRY--PERSONAL NAME
Personal name May, Robert L.
Dates associated with a name 1905-1976
245 00 - TITLE STATEMENT
Title Rudolph the red-nosed reindeer shines again /
Statement of responsibility, etc. adapted from the story by Robert L. May ; illustrated by Darrell Baker.
260 ## - PUBLICATION, DISTRIBUTION, ETC.
Place of publication, distribution, etc. Racine :
Name of publisher, distributor, etc. Western Pub. Co,
Date of publication, distribution, etc. 1982
300 ## - PHYSICAL DESCRIPTION
Extent 24 pages :
Dimensions 20 cm
490 0# - SERIES STATEMENT
Series statement A Little golden book
505 ## - FORMATTED CONTENTS NOTE
Formatted contents note H
520 ## - SUMMARY, ETC.
Summary, etc. Devastated when his nose loses its shine, Rudolph spends all his time crying and feeling sorry for himself until he becomes involved in the search for two baby rabbits.
521 ## - TARGET AUDIENCE NOTE
Target audience note 500 <br/>
Source Lexile estimate<br/>
521 ## - TARGET AUDIENCE NOTE
Target audience note H <br/>
Source Raz-Plus<br/>
650 #1 - SUBJECT ADDED ENTRY--TOPICAL TERM
Topical term or geographic name entry element Reindeer
Form subdivision Fiction.
650 #1 - SUBJECT ADDED ENTRY--TOPICAL TERM
Topical term or geographic name entry element Christmas
Form subdivision Fiction.
700 1# - ADDED ENTRY--PERSONAL NAME
Personal name Baker, Darrell
Relator term illustrator
906 ## - LOCAL DATA ELEMENT F, LDF (RLIN)
a 7
b cbc
c orignew
d 3
e opcn
f 19
g y-gencatlg
942 ## - ADDED ENTRY ELEMENTS (KOHA)
Source of classification or shelving scheme Dewey Decimal Classification
Koha item type Books
Suppress in OPAC No
999 ## -
-- 2083
-- 2083
Holdings
Withdrawn status Lost status Source of classification or shelving scheme Damaged status Not for loan Collection Home library Current library Shelving location Date acquired Total Checkouts Full call number Date last seen Copy number Price effective from Koha item type Public note Barcode Date last checked out
    Dewey Decimal Classification     Juvenile Fiction Footprints International School Library Network Toul Kork Campus Footprints International School Library Network Toul Kork Campus TK Display Shelf (4th Floor) 11/06/2023   MAY 464 PZ7.R884 11/06/2023 1 11/06/2023 Books Missing    
    Dewey Decimal Classification     Juvenile Fiction Footprints International School Library Network Toul Kork Campus Footprints International School Library Network Toul Kork Campus   11/06/2023 1 MAY 464 PZ7.R884 03/25/2024 2 11/06/2023 Books   FISBK00164 03/18/2024